| 000 | 00545nam a2200181Ia 4500 | ||
|---|---|---|---|
| 003 | GCL | ||
| 008 | 140319s9999 xx 000 0 ara d | ||
| 040 |
_aGCL / _cGCL |
||
| 082 | 0 | 4 |
_aد _b050 _bم ن |
| 100 | 1 | _aمجموعة من المؤلفين | |
| 245 | 1 | 0 |
_aمن ادب المسرح (1954 - 1967) 5 مج / _cمجموعة من المؤلفين |
| 300 | _aمتعدد | ||
| 650 | 0 | 4 | _aمسرحيات |
| 650 | 0 | 4 | _aدوريات |
| 650 | 0 | 4 | _aالادب العالمى |
| 650 | 0 | 4 | _aالادب العالمى المترجم |
| 942 |
_2ddc _cBK |
||
| 999 |
_c27098 _d27098 |
||